| 000 | 00545nam a2200157 i 4500 | ||
|---|---|---|---|
| 001 | 77369 | ||
| 003 | ES-MaACL | ||
| 007 | t| | ||
| 008 | 041008m19031917gw ||||1| spa d | ||
| 245 | 0 | 0 |
_aBibliografía ibérica del siglo XV _b: enumeración de todos los libros impresos en España y Portugal hasta el año 1500 / _ccon notas críticas por Conrado Haebler. |
| 260 |
_aLeipzig : _bKarl W. Hiersemmenn, _c1903-1917. |
||
| 300 |
_a2 v. ; _c25 cm. |
||
| 700 | 1 |
_aHaebler, Konrad. _9187917 |
|
| 852 |
_aES-MaACL _jB-4362-4363 |
||
| 999 |
_c77369 _d77369 |
||